000 01083cam a22003134a 4500
008
020 _a068307498X (pbk.)
042 _aMAIN
_c (32900)
050 0 0 _aQM601 SAD
100 1 _aSadler, T. W.
245 1 0 _aLangman's medical embryology /
_cT.W. Sadler ; original illustrations by Jill Leland ; computer illustrations by Susan L. Sadler-Redmond ; scanning electron micrographs by Kathleen K. Sulik and Jennifer Burgoon ; ultrasound images by Nancy Chescheir.
246 3 0 _aMedical embryology
250 _a7th ed.
260 _aBaltimore :
_b Williams & Wilkins,
_cc1995.
300 _axi, 460 p. :
_bill. (some col.) ;
_c23 cm.
504 _aIncludes bibliographical references.
500 _aIncludes Index.
650 0 _aEmbryology, Human.
650 0 _aDevelopmental biology.
650 1 2 _aEmbryology.
650 2 _aEmbryonic Development
650 2 2 _aAbnormalities.
907 _a.b10257986
_b18-11-08
_c18-11-08
003
005 20230123124919.0
040 _cNUST
049 _aMAIN
942 _cBOOKS
999 _c132461
_d132461